[Event "Turnier 40 / 120"]
[Site "DESKTOP-NL3KVDB"]
[Date "2023.03.23"]
[Round "9"]
[White "Mephisto Risc II - 14 MHZ"]
[Black "Mephisto Phönix TM Vancouver - 36 MHZ"]
[Result "1/2-1/2"]
[BlackElo "2250"]
[WhiteElo "2244"]

{Analyse -----> Komodo 13.02.} 1. d4 d5 2. c4 e6 3. Nc3 Nf6 4. Bg5 Be7 5.
cxd5 exd5 6. e3 c6 7. Bd3 {Buchende} O-O {Buchende} 8. Nf3 {Buchbewertung
Mephisto Risc II: +0,25} Nbd7 {Buchbewertung TM Vancouver: -0,06 / lt.
Komodo steht Weiss knapp besser mit ca. +0,30} 9. O-O Re8 {Buchzug /
Buchende} 10. Rc1 Nf8 11. Qc2 Ng6 12. Rfe1 Ne4 13. Bxe7 Qxe7 14. Nd2 Nxd2
15. Qxd2 Qg5 16. Ne2 Nh4 17. Ng3 Bh3 18. Bf1 Bg4 19. Qc2 Bh5 20. Qb3 Rab8?
{ein ganz schlechter Zug, danach ist Weiss bereits klar im Vorteil, Komodo
-1,20 mit der Fortsetzung e4, nötig war Te7 mit ca. -0,50} 21. e4! Bg6
{besser ist noch Lg4, Komodo -1,50} 22. exd5 Qd2??? {ein absoluter
Verlustzug, danach ist die verloren !, Komodo -2,60 mit der Fortsetzung
Txe8+} 23. Rxe8+! Rxe8 24. Rd1? {weit schwächer als Tc5, büsst eine ganze
Bauerneinheit ein, Komodo +1,60} Qc2 25. dxc6? {klar schwächer als Dxc2,
Komodo +1,00} Qxb3 26. axb3 bxc6 27. Rc1 f5? {ein schlechter Zug, deutlich
mehr Widerstand leistet Sf5 (das hätte auch Risc II vorgeschlagen), nach
dem Textzug ist die Partie verloren, Komodo -1,60} 28. Rxc6 {etwas
voreilig, der Bauer läuft nicht mehr davon, besser ist f4, um den Vorstoss
f4 von Schwarz zu vermeiden,der Textzug büsst nur ca. 0,5 Bauerneinheiten
ein, Komodo +1,10} f4 29. Bc4+ Kf8 30. Nf1 Be4 31. Ra6??? {ein
Katastrophenzug, der den Sieg verschenkt, danach ist die Partie Remis,
Komodo 0,00 mit der Fortsetzung Lxg2} Re7??? {aber TM verpasst die
Remischance und spielt anstatt dem Rettungsanker diesen absoluten
Verlustzug, danach ist die Partie klar verloren, Komodo -2,20} 32. f3 Ba8??
{ohne Worte} 33. d5 Rd7 34. d6 {das ist voreilig und klar schwächer als
Ta5, dennoch steht Weiss klar auf Gewinn, Komodo +1,50, der Textzug büsst
ca. 0,7 Bauerneinheiten ein} Nf5 35. Bb5 {besser ist Kf2, Komodo +1,20}
Rxd6 36. Rxa7 Bd5 37. Bc4 Nd4 38. Ra5 {besser ist Ta4, Komodo +1,00} Be6?
{deutlich vorzuziehen ist Lxc4, nach dem Textzug ist Schwarz wieder auf
verlorenem Posten, Komodo -1,40} 39. Re5 Kf7 {es geht weiter berab,
deutlich besser ist noch Ke7, Komodo -1,70} 40. Nd2 Kg6? {ein sinnloser
Zug, warum nicht wenigsten Kf6 mit Angriff auf den Turm ? , Komodo -2,10}
41. Bxe6? {ein schwacher Zug, der den Gewinn erschwert, Komodo +1,50,
deutlich besser ist b4} Nxe6 42. Nc4 Rd1+ 43. Kf2 Kf6 44. Rh5 h6 45. h4 g6
46. Ra5 Rc1 47. Rd5 Rh1??? {ein grottenschlechter Zug, dieser geplante
Bauernraub ist natürlich völlig unzulässig, danach ist alles vorbei,
deutlich mehr Widerstand leistet noch Tc2+, Komodo -2,30} 48. b4!
{alternativlos} Rxh4??? {einfach absurd, danach kann man den Stecker
ziehen, deutlich mehr Widerstand leistet noch Tc1, Komodo -7,00 !!!, der
Rest muss nicht mehr kommentiert werden} 49. b5 Rh5 50. Rxh5 gxh5 51. b4???
{ein unfassbar schlechter Zug, also dass Risc II hier nicht erkennt, dass
nach dem simplen Zug, b6 gefolgt von Sa5 bereits der schwarze Springer für
den Bauern verloren geht ist eigentlich unglaublich, da muss man mehrmals
hinsehen, um das zu glauben, der Textzug büsst ganze 6 Bauerneinheiten !!
ein, dennoch sollte auch das noch reichen zum Gewinn, Komodo +3,00 (b6
hätte er bereits mit +9,00 gesehen)} Ke7 52. b6 {ja warum nicht gleich} Kd7
53. b5??? {der nächste Megabock, jetzt muss Risc II echt aufpassen, dass er
das nicht noch vergeigt, Komodo "nur" noch +1,50 für Weiss, sofort gewonnen
hätte Se5+ mit +3,50} Nd4? {dieses Endspiel überfordert einfach beide
Geräte, die nötige Rechentiefe ist einfach unerreichbar, um die Folgen
abzuschätzen, TM Vancouver erkennt hier nicht den weit besseren Zug 53. h4,
Komodo -3,30} 54. g3??? {also da fehlen einem einfach die Worte, dieser Zug
verschenkt den Sieg, danach ist die Partie Remis, Komodo 0,00 !!! mit der
Fortsetzung fxg3+, gewonnen hätte wieder Se5+} Nxb5??? {wirft das Remis
gleich wieder weg, ein absoluter Verlustzug, danach ist alles aus, Komodo
-4,00} 55. gxf4 Nc3??? {jeder einzelne Zug hier ist eine Katastrophe, hier
schon egal, aber wieder um ganze 4 Bauerneinheiten !! schlechter als Sd4,
Komodo -8,00} 56. Ne3 Na4 57. Kg3??? {ein absoluter Megabock, der praktisch
den gesamten Vorteil verschenkt, natürlich muss der schwarze König
weggelockt werden vom Königsflügel und der Bauer b6 darf nicht so billig
vom Springer genommen werden, hier gab es sogar 2 klare Gewinnzüge,
entweder b7 oder Sc4 und alles ist erledigt, Komodo sieht hier noch Weiss
im Vorteil mit +1,50, lt. Stockfish 15 ist es praktisch schon Remis mit nur
noch +0,50 für Weiss} Nxb6 58. Kh4 Ke6 59. Kxh5 Kf6 60. Kxh6 Na4 61. Kh5
Nc3 62. Kg4 Kg6 63. Nc4 Ne2 64. f5+ Kf6 65. Nd6 Nd4 {bei korrektem Spiel
kann Schwarz die Partie Remis halten, doch natürlich ist das
Fehlerpotenzial noch gross hier, das bleibt noch abzuwarten, ob es TM
Vancouver auch schafft, die beiden Geräte sehen Weiss mit ca. +2,00 im
Vorteil} 66. Ne4+ Kg7 67. f4 Kf7 68. Kg5 Nf3+ 69. Kh5 Ne1 70. f6 Nf3 71.
Kg4 {Mephisto Risc II ist vom Sieg überzeugt: +2,40 ! / in Wahrheit ist es
leider nur Remis} Nd4 {TM Vancouver sieht sich auch klar im Nachteil: -1,69
(aber nicht gar so arg wie Risc II)} 72. f5 Nc6 73. Kg5 Ne5 74. Nc5 Kf8 75.
Kf4 Nc4 76. Nd3 Ke8 77. Nf2 Nb6 78. Ng4 Nd7 79. Kg5 Kf7 80. Nh6+ Kf8 81.
Kg6 Ne5+ 82. Kh5 Ke8 83. Kg5 Kf8 84. Ng4 Nxg4 85. Kxg4 Kg8 86. Kh4 Kf7 87.
Kg5 Kf8 {Remis, einfach unfassbar, dass Risc II diese Partie nicht gewinnen
konnte, die Qualität dieser Partie oder besser gesagt die nicht vorhandene
kann man für diese Kategorie nur noch als Groteske bezeichnen.} 1/2-1/2
[/pgn]
[pgn]

[Event "Turnier 40 / 120"]
[Site "DESKTOP-NL3KVDB"]
[Date "2023.03.24"]
[Round "10"]
[White "Mephisto Phönix TM Vancouver - 36 MHZ"]
[Black "Mephisto Risc II - 14 MHZ"]
[Result "0-1"]
[BlackElo "2244"]
[WhiteElo "2250"]

{Analyse ----> Komodo 13.02.} 1. e4 c5 2. c3 d5 3. exd5 Qxd5 4. d4 e6 5.
Nf3 Nc6 6. Be2 cxd4 7. cxd4 Nf6 8. O-O Be7 9. Nc3 Qd6 {Buchende} 10. Bg5
O-O {Buchbewertung Mephisto Risc II: +0,01} 11. Rc1 {Buchende} Qb4 12. Nb5
{Buchbewertung TM Vancouver: -0,06 / lt. Komodo ist die Stellung etwa
gleich} Qa5 13. Bc4 a6 14. Nc3 Rd8 15. Ne2 b5 16. Bd3 {besser ist Lxe6} Bb7
17. a3 b4 18. Qb3 Rac8 19. Be3 Nd5 20. Bb1 Qb5 21. Qc2 g6 {nach mehreren
Ungenauigkeiten seitens Weiss, die sich summieren steht Schwarz klar
besser, Komodo +1,20} 22. a4 Qb6 23. Qd3 Bf6 24. Rfd1 {es geht weiter mit
kleineren Ungenauigkeiten, besser ist Lh6, nach dem Textzug ist die
Stellung praktisch schon verloren, Komodo -1,50} Nxe3 25. fxe3?? {ganz
schlecht, danach ist praktisch alles aus, Komodo -2,30, natürlich muss die
Dame aus dem Schussfeld des Turmes mit Dxe3} e5! {sonnenklar} 26. d5 Na5
27. Rxc8 Rxc8 28. Nd2 Bg5 29. Kf2 f5 30. Ba2 Qd6 31. e4??? {ein absoluter
Verlustzug, danach ist die Partie klar verloren, Komodo -3,50, deutlich
mehr Widerstand leistet noch Tc1 mit ca. -1,70} Bxd2 32. Qxd2 Qb6+ 33.
Kg3??? {was TM Vancouver in dieser Partie veranstaltet ist man muss es
leider so deutlich sagen einfach letztklassig, hier werden ausnahmslos
zweit- ja sogar eher drittklassige Züge gemacht, der schlechtestmögliche
Zug !!, Komodo -9,00, deutlich mehr Widerstand leistet noch De3 mit ca.
-3,50, aber an dieser Stelle ist es schon egal, TM Vancouver bevorzugt
wahrscheinlich den schnellen Freitod, wer will es ihm verübeln nach einer
derartigen Katastrophenpartie, will man nur noch weg vom Platz !!} b3!
{Risc II macht hingegen alles richtig} 34. Bb1 Nc4 35. Qc3 Ne3 36. a5 Nf1+
37. Rxf1 Rxc3+ {Rest geschenkt / eine Katastrophenpartie von TM Vancouver,
wo im Mittelspiel praktisch ausschliesslich zweit- bis drittklassige Züge
gespielt wurden.} 0-1
[/pgn]
[pgn]

[Event "Turnier 40 / 120"]
[Site "DESKTOP-NL3KVDB"]
[Date "2023.03.24"]
[Round "11"]
[White "Mephisto Risc II - 14 MHZ"]
[Black "Mephisto Phönix TM Vancouver - 36 MHZ"]
[Result "0-1"]
[BlackElo "2250"]
[WhiteElo "2244"]

{Analyse ----> Komodo 13.02.} 1. e4 e5 2. Nf3 Nc6 3. Bb5 a6 4. Ba4 Nf6 5.
O-O Be7 6. Re1 b5 7. Bb3 d6 8. c3 O-O 9. h3 Nd7 10. d4 Bf6 11. a4 Bb7 12.
axb5 axb5 13. Rxa8 Qxa8 14. d5 Na5 15. Bc2 Nc4 16. b3 Ncb6 17. Na3
{Buchende} Ba6 {Buchende} 18. Bd3 {Buchbewertung Mephisto Risc II: +0,27}
c6 {Buchbewertung TM Vancouver: +0,15 / lt. Komodo ist die Stellung etwa
gleich} 19. dxc6 Qxc6 20. Bb2 Nc5 21. Nc2 Qd7 22. Nb4 Bb7 23. Qe2 Nxb3 24.
Bxb5 Qe6 25. c4 Rc8 26. Nd5 Bd8 27. Rd1 Nc5 28. Ba3 Qg6 29. Bxc5 Rxc5 30.
Ra1 f5 31. Nxb6 fxe4 32. Nxe5 Rxe5 33. Ra7 Bxb6 34. Rxb7 Bc5 35. Rb8+ Kf7
36. Bc6 Qf5 37. Bd5+ Kg6 38. Rh8? {ein völlig unverständlicher Zug, was
will der Turm im Eck ?, jetzt keine Katastrophe aber schon merkwürdig,
Komodo -0,50, besser ist g4 mit Ausgleich} e3 {besser ist Df4, die Stellung
ist im Lot} 39. f3 Qf4 40. Kh1 h6 41. Rb8 Qd4 42. Qc2+ Kg5 43. Rb7 g6 44.
Rg7 Rf5 45. Re7??? {Mephisto Risc II: +0,73 ?? / eine völlige
Fehleinschätzung ein absoluter Verlustzug, danach ist die Partie sofort
verloren, Komodo -9,00 mit der Fortsetzung Dd2, einzig g3 !! hätte das
Remis gesichert (TM Vancouver hatte den richtigen Zug vorgeschlagen)} Qd2!
{diese Chance lässt sich TM Vancouver nicht entgehen und sieht auch den
Gewinn, Bewertung: +4,15 !!} 46. Qe4 {Mephisto Risc II: -3,65} Rf4 47. Re5+
{Komodo: Matt in 13} dxe5 48. Qxe5+ Rf5 49. Qg3+ Kf6 50. Qh4+ Kg7 51. Qg3
{Mephisto Risc II: -9,99 ----> aufgegeben !} 0-1
[/pgn]
[pgn]

[Event "Turnier 40 / 120"]
[Site "DESKTOP-NL3KVDB"]
[Date "2023.03.25"]
[Round "12"]
[White "Mephisto Phönix TM Vancouver - 36 MHZ"]
[Black "Mephisto Risc II - 14 MHZ"]
[Result "0-1"]
[BlackElo "2244"]
[WhiteElo "2250"]

{Analyse -----> Komodo 13.02.
Das Geller Gambit, eine Eröffnung für Weiss,
bei der ich noch niemals in irgend einem anderen Wettkampf gesehen habe,
dass Weiss damit erfolgreich war, jedesmal ging diese Partie verloren, so
weit ich es noch weiss.} 1. c4 c6 2. d4 d5 3. Nf3 Nf6 4. Nc3 dxc4 5. e4 b5
6. e5 Nd5 7. Ng5 f6 8. Nge4 f5 {Buchende} 9. Ng5 {Buchende / und auch hier
eine ganz schlechte Eröffnung von Weiss, lt. Komodo steht Schwarz bereits
klar besser, +1,00 mit der Fortsetzung e6} g6? {Buchbewertung Mephisto Risc
II: +0,57 / der 1. berechnete Zug ist allerdings ganz schwach und verpielt
den Grossteil des Vorteiles, Komodo +0,30 für Schwarz, aber deutlich besser
ist e6 mit +1,00} 10. Be2 {Buchbewertung TM Vancouver: -0,21 / lt. Komodo
war a4 etwas besser, Komodo -0,50 / meine persöhnliche Meinung zu dieser
Eröffnung und der hier entstandenen Stellung verleitet mich zu einer
Privatwette: Ich wage an dieser Stelle die Prognose: Sieg für Schwarz, habe
wie gesagt noch nie gesehen, dass irgend ein Oldie diese Eröffnung mit
Weiss nicht verloren hätte und da wird TM Vancouver nicht der erste sein,
der gewinnt.} e6 11. O-O Be7 12. Nf3 Bb7 13. Bh6 Nd7? {ein schlechter Zug,
danach ist jeglicher Vorteil dahin, hier kann Weiss mittels Sxd5
ausgleichen, nötig war g5} 14. Qd2 {etwas schwächer als Sxd5, Komodo -0,40}
a5 {besser ist S7b6, die Stellung ist wieder im Lot} 15. Rfc1 {besser ist
Sxd5, Komodo -0,40} Qb6? {ein schlechter Zug, nötig ist Sb6 !, danach ist
die Stellung wieder etwa gleich} 16. a4 Nc7 17. Rc2 Rg8 18. h3 Rb8?
{verzichtet dauerhaft auf die Möglichkeit einer Rochade, danach steht Weiss
bereits besser, Komodo -0,80} 19. Bg5? {die falsche Figur !, der Springer
gehört nach g5, nach dem Textzug ist jeglicher Vorteil wieder dahin, Komodo
0,00} Bxg5 20. Qxg5 Rd8? {ein schlechter Zug, deutlich besser ist Tg7 mit
Ausgleich, Komodo -1,20} 21. Qh6 Nf8 22. Rcc1 {ein schwacher Zug, deutlich
besser ist Tb1, Komodo +0,50} Rd7 23. Rc2 {das bringt gar nichts für Weiss,
die Stellung ist wieder im Lot, immer noch war Tb1 vorzuziehen} Rgg7 24.
Rac1 Na6 25. Ra1? {schwach, besser ist Sg5} Rge7 26. Qh4 Nb4 27. Rd2 Ba6
28. Qg5 Rd8 29. Qh6 Red7 30. Qh4 Rg7 31. Qf6 Rf7 32. Qh8??? {ein völlig
absurder Verlustzug, fairerweise muss man sagen, auch Risc II hätte das
gespielt, danach ist die Dame im Eck gefangen, nach 32. Ke7 !! kann Weiss
bereits die Segel streichen, Komodo -3,30 !!} Re7??? {Risc II verpasst die
Gewinnchance und verspielt mit einem Schlag den gesamten Vorteil, die
Stellung ist wieder im Lot, die falsche Figur, der König gehört nach e7}
33. Qg8 Rdd7 34. Qh8 Nd5 35. Ng5??? {ein Verlustzug, danach ist die Partie
klar verloren, Komodo -2,00, nötig war axb5 und alles wäre exakt im Lot mit
0,00 lt. Komodo} b4! {natürlich, alternativlos und das war es} 36. Nxd5
cxd5 37. Rc1 Rc7 38. Rdd1??? {es geht steil bergab, ein grottenschlechter
Zug, danach ist alles hoffnungslos, Komodo -5,00, nötig war Tdc2 mit ca.
-2,50} c3! {klar} 39. Bxa6 Qxa6 40. bxc3 Rxc3 41. Qf6 Qc4 42. Rb1 b3 43.
Nf3 Qxa4 {Rest geschenkt} 0-1
[/pgn]
[pgn]

[Event "Turnier 40 / 120"]
[Site "DESKTOP-NL3KVDB"]
[Date "2023.03.25"]
[Round "13"]
[White "Mephisto Risc II - 14 MHZ"]
[Black "Mephisto Phönix TM Vancouver - 36 MHZ"]
[Result "1-0"]
[BlackElo "2250"]
[WhiteElo "2244"]

{Analyse ------> Komodo 13.02.} 1. e4 d6 2. d4 Nf6 3. Nc3 g6 4. f4 Bg7 5.
Nf3 O-O 6. Bd3 Nc6 7. e5 dxe5 8. fxe5 Nh5 9. Be3 Bg4 10. Be2 f6 11. exf6
exf6 12. O-O f5 13. Qd2 f4 {Buchende} 14. Bf2 {Buchende} Be6??
{Buchbewertung TM Vancouver: -0,15 / gleich der 1. berechnete Zug ist ein
arger Fehlgriff, danach steht Weiss bereits ganz klar besser, Komodo -1,30
!!, nötig war Dd7 mit ca. -0,40} 15. Rae1 {Buchbewertung Mephisto Risc II:
+0,14} a6 16. Na4 b6 17. c4 Na5?? {ein absoluter Verlustzug, danach ist die
Partie bereits klar verloren, Komodo -2,20, deutlich besser ist Lg4 mit ca.
-0,80} 18. d5 Bg4 19. c5! {Risc II macht alles richtig, Komodo +2,40} Nb7
20. cxb6 Nd6 21. bxc7 Qxc7 {Weiss hat einen zentralen Freibauern, der
beliebig oft gedeckt werden kann und einen Mehrbauern am Damenflügel,
während der Mehrbauer von Schwarz am Königsflügel nichts wert ist, da ja
dort die uneinnehmbare Festung der Rochade steht, ergo die Partie ist
hoffnungslos verloren für Schwarz, der Rest muss nicht mehr kommentiert
werden, das ist nur noch Formsache, hier beende ich die Kommentare, es sei
denn Risc II vergurkt es noch irgendwie, kann ich mir aber nicht mehr
vorstellen} 22. Nc5 Rfe8 23. Ng5 Bxe2 24. Rxe2 Rxe2 25. Qxe2 Bf6 26. Qe6+
Kg7 27. Nf3 Nf7 28. Rc1 Nd8??? {und noch ein Horrorzug, verdoppelt den
Nachteil, Komodo -5,50, nötig war Dd6 rettet aber auch nichts mehr mit ca.
-2,70} 29. Qe4 {weit schwächer als d6, aber hier gewinnt schon alles,
Komodo +4,30} Qd6 30. Nd3 Nf7 31. Rc6 Qe7 32. Qxe7 Bxe7 33. Nd4? {ein ganz
schlechter Zug, der ganze 2 Bauerneinheiten einbüsst gegenüber Lc5, aber
auch das kann sich Weiss noch leicht leisten, Komodo +2,50} Kg8 34. Ne6 Nd8
35. Rb6 Nxe6 36. Rxe6 Bf6 37. Bb6 Kf7 38. Kf1 a5 39. Rc6 a4 40. Rc7+ Ke8
41. Rxh7 Rb8 42. Bc7 Rb5 43. d6 Rd5 44. Nb4 Rd2 45. Ke1 Rd4 46. Nc6 Rd5 47.
Nb8? {weit schwächer als Se7, büsst ca. 1,5 Bauerneinheiten ein, dennoch
steht Weiss klar auf Gewinn, Komodo +2,30} a3? {ein Verzweiflungstat, aber
es ist ohnehin schon egal, deutlich besser ist noch Sg7, Komodo -3,20} 48.
d7+?? {ein grottenschlechter Zug, danach muss Risc II plötzlich aufpassen,
das nicht noch zu vergeigen, Komodo "nur" noch +0,50 für Weiss, warum um
Gottes willen nicht einfach bxa3 ??, Unfassbar !!} Kf8 49. bxa3 Kg8???
{verspielt wieder alle Chancen, danach ist die Partie sofort verloren,
Komodo -2,00, nötig war Lc3+ und Schwarz hat noch intakte Remischancen.}
50. Rxh5 gxh5 51. a4 Rc5 52. Bb6 Rc2 {da ist nichts mehr zu machen für
Schwarz, Komodo -4,30} 53. Kf1 {besser ist a5, aber auch diese Fortsetzung
ist völlig ausreichend, Komodo +3,30} h4 54. h3 Rc1+??? {sinnlos, besser
ist noch Kf7, Komodo -5,00 / Userentscheid: 1-0} 1-0
[/pgn]
[pgn]

[Event "Turnier 40 / 120"]
[Site "DESKTOP-NL3KVDB"]
[Date "2023.03.26"]
[Round "14"]
[White "Mephisto Phönix TM Vancouver - 36 MHZ"]
[Black "Mephisto Risc II - 14 MHZ"]
[Result "1-0"]
[BlackElo "2244"]
[WhiteElo "2250"]

{Analyse -----> Komodo 13.02.} 1. e4 e5 2. Nf3 Nc6 3. Bb5 a6 4. Ba4 Nf6 5.
d4 exd4 6. O-O Be7 7. Re1 b5 8. e5 Nxe5 9. Nxe5 bxa4 10. Qxd4 O-O 11. Bg5
Re8 12. Nd2? {ein schwacher Buchzug, deutlich besser ist Sc3} Rb8
{Buchende} 13. Ndf3 {Buchbewertung TM Vancouver: -0,36} Rb4 {Buchbewertung
Mephisto Risc II: +0,57 / lt. Komodo steht Schwarz etwas besser mit ca.
+0,60} 14. c4 Bb7 15. Nd3? {ein schlechter Zug, hier hätte Lxf6 zu
annäherndem Ausgleich geführt, nach dem Textzug steht Schwarz klar besser,
Komodo -0,80} Rb6 16. Nd2?? {ein ganz schlechter Zug, danach ist die Partie
praktisch schon verloren, Komodo -1,60, deutlich besser ist noch c5 mit
-0,80 (diesen Zug verwirft TM Vancouver im letzten Moment noch)} Rd6 {nicht
ideal, besser ist h6, Komodo +1,10} 17. Qc3 Re6 18. h3 Ne4 19. Nxe4 Bxe4
20. Bxe7 Qxe7 21. Re3 Qd6 {weniger gut, deutlich besser ist Lxd3, Komodo
+0,60} 22. c5 Qc6 23. Nf4 R6e7 24. Rae1 Kf8 25. f3 Bg6 26. Rxe7 Rxe7 27.
Rxe7 Kxe7 28. Kh2 Kf8 29. Nxg6+ {Schwarz steht klar besser, Komodo -1,00}
hxg6 30. Qa5 {besser ist h4, Komodo -1,30} g5 31. Kg1 Ke7 32. Kf2 Ke6 33.
Qc3 {besser ist noch Kg1, nach dem Textzug ist die Partie bereits klar
verloren, Komodo -2,00} Kd5 {nicht ideal, besser ist f6, Komodo +1,50} 34.
Qd2+ Kc4 35. Qc2+ Kb5 36. Qe2+ Kxc5 37. Qe5+ Kb6 38. Qxg7 Qc5+ 39. Kf1 {So
und an dieser Stelle geschieht leider etwas, was mich in Verlegenheit
bringt wegen der Wertung der Partie, dieses Problem hatte ich schon 1x in
der Vergangenheit mit dem Risc II, denn er ignoriert hier einfach die
Zeitvorgabe, bricht seine Berechnungen ab und bezichtigt sich selbst der
Zeitüberschreitung !, in an und für sich gewonnener Stellung schenkt er
seinem Gegner damit den ganzen Punkt, wie soll man das jetzt werten ??, In
der Vergangenheit hatte ich mich genauso entschieden wie jetzt und da wurde
mir im Forum auch recht gegeben, daher muss ich sagen, leider streng nach
Turnierregeln ist es ein Programmfehler und ist daher als Verlust zu
werten, WAS FÜR EIN BITTERER VERSCHENKTER PUNKT !!} 1-0
[/pgn]
[pgn]